[Event "Open Letní Praha 2018 - B"]
[Site "Praha"]
[Date "2018.08.05"]
[Round "3"]
[Board "8"]
[White "Lansky, Petr"]
[Black "Svanda, Adam"]
[Result "1/2-1/2"]
[WhiteElo "1668"]
[BlackElo "1841"]
[PlyCount "66"]
[EventDate "2018.08.03"]
[EventRounds "9"]
[EventCountry "CZE"]

1. e4 c5 2. Nc3 Nc6 3. f4 e6 4. Nf3 g6 5. a4 Bg7 6. Bc4 Nge7 7. O-O O-O 8. d3
d5 9. exd5 exd5 10. Ba2 Rb8 11. Kh1 a6 12. Qe1 b5 13. axb5 axb5 14. Ne5 Nxe5
15. fxe5 b4 16. Na4 Qa5 17. b3 Bd7 18. Bg5 Nc6 19. Bf6 Rbe8 20. Qf2 Nxe5 21.
Bxg7 Kxg7 22. Nxc5 Bf5 23. Qd4 f6 24. Qxd5 Qa8 25. Qxa8 Rxa8 26. Na4 Ng4 27.
Rae1 Rfe8 28. Bb1 Ne3 29. Rg1 Nd5 30. h3 h5 31. Nb2 Rxe1 32. Rxe1 Ra1 33. Nc4
Nc3  1/2-1/2

[Event "Open Letní Praha 2018 - B"]
[Site "Praha"]
[Date "2018.08.05"]
[Round "3"]
[Board "9"]
[White "Kong, You Jing"]
[Black "Michel, Ladislav"]
[Result "1/2-1/2"]
[WhiteElo "1235"]
[BlackElo "1819"]
[PlyCount "80"]
[EventDate "2018.08.03"]
[EventRounds "9"]
[EventCountry "CZE"]

1. d4 Nf6 2. Nf3 e6 3. e3 Bb4+ 4. c3 Be7 5. Bd3 d5 6. O-O O-O 7. b3 Ne4 8. Bb2
f5 9. Nbd2 Nd7 10. Ne5 c6 11. f4 Ndf6 12. Ndf3 Bd7 13. Nxd7 Nxd7 14. Bxe4 fxe4
15. Ne5 Nxe5 16. fxe5 Rxf1+ 17. Qxf1 Qf8 18. c4 Qxf1+ 19. Rxf1 Rf8 20. g3 Rxf1+
21. Kxf1 Kf7 22. h4 Kg6 23. Kg2 Kf5 24. Kh3 h5 25. Bc3 Ba3 26. Bd2 a6 27. c5 g5
28. Be1 Bc1 29. Bf2 Bd2 30. a3 Ba5 31. b4 Bd8 32. Be1 g4+ 33. Kg2 b5 34. Bd2
Kg6 35. Kf2 Kf7 36. Be1 Ke8 37. Ke2 Kd7 38. Kd1 Kc8 39. Kc2 Kb7 40. Kb3 a5
 1/2-1/2

[Event "Open Letní Praha 2018 - B"]
[Site "Praha"]
[Date "2018.08.05"]
[Round "3"]
[Board "10"]
[White "Olsen, Geir"]
[Black "Dobsinsky, Petr"]
[Result "1/2-1/2"]
[WhiteElo "1472"]
[BlackElo "1369"]
[PlyCount "79"]
[EventDate "2018.08.03"]
[EventRounds "9"]
[EventCountry "CZE"]

1. d4 d5 2. Bf4 e6 3. e3 Nf6 4. Nf3 Nc6 5. c3 g6 6. Be2 Bg7 7. Nbd2 O-O 8. h4
Nh5 9. Be5 Nxe5 10. Nxe5 Bxe5 11. dxe5 c5 12. Bxh5 gxh5 13. Nb3 Qb6 14. Rb1 Qc7
15. Qxh5 b6 16. Qg5+ Kh8 17. h5 f6 18. exf6 Qf7 19. Qg7+ Qxg7 20. fxg7+ Kxg7
21. h6+ Kg6 22. f3 Rf5 23. Kf2 Rh5 24. Rxh5 Kxh5 25. Rh1+ Kg6 26. Nd2 e5 27. e4
Bb7 28. b3 Rf8 29. Ke3 d4+ 30. cxd4 cxd4+ 31. Kd3 b5 32. Nb1 Rf6 33. Na3 Ra6
34. Nxb5 Rxa2 35. Nc7 Rxg2 36. Ra1 Rb2 37. Rxa7 Rxb3+ 38. Ke2 Kxh6 39. Ne6 Rb2+
40. Ke1  1/2-1/2

[Event "Open Letní Praha 2018 - B"]
[Site "Praha"]
[Date "2018.08.05"]
[Round "3"]
[Board "11"]
[White "Kalvach, Ladislav"]
[Black "Aytmukhametov, Bulat"]
[Result "1/2-1/2"]
[WhiteElo "1815"]
[BlackElo "1000"]
[PlyCount "76"]
[EventDate "2018.08.03"]
[EventRounds "9"]
[EventCountry "CZE"]

1. e4 c5 2. Ne2 Nc6 3. g3 Nf6 4. Bg2 d6 5. c3 d5 6. exd5 Nxd5 7. d4 e6 8. O-O
Be7 9. Nd2 cxd4 10. Nxd4 Nxd4 11. cxd4 O-O 12. Qb3 b6 13. Ne4 Bb7 14. f4 Qd7
15. Rd1 Rac8 16. Bd2 Rc7 17. Rac1 Rfc8 18. Rxc7 Rxc7 19. Nc3 Nf6 20. Nb5 Bc6
21. Nxc7 Ba4 22. Qf3 Bxd1 23. Qxd1 Qxc7 24. Qc1 Qd7 25. Qc4 g6 26. h3 Nd5 27.
Bf3 Bf6 28. Kg2 Kg7 29. a3 Ne7 30. Be3 Nf5 31. Kf2 Nxd4 32. Qd3 Qb5 33. Qxb5
Nxb5 34. Bc6 Nd4 35. Ba4 Nf5 36. Bc1 Nd6 37. b4 Nc4 38. Bb3 Nd6  1/2-1/2

[Event "Open Letní Praha 2018 - B"]
[Site "Praha"]
[Date "2018.08.05"]
[Round "4"]
[Board "1"]
[White "Kashkarov, Mikhail"]
[Black "Benes, Petr"]
[Result "1-0"]
[WhiteElo "1947"]
[BlackElo "2094"]
[PlyCount "135"]
[EventDate "2018.08.03"]
[EventRounds "9"]
[EventCountry "CZE"]

1. d4 Nf6 2. Nf3 g6 3. c4 Bg7 4. Nc3 O-O 5. Bg5 h6 6. Bh4 d6 7. e3 c6 8. Be2
Qb6 9. Qd2 Bf5 10. h3 Re8 11. Bg3 Ne4 12. Nxe4 Bxe4 13. O-O a5 14. Rfd1 Na6 15.
Ne1 c5 16. f3 Bc6 17. Bf2 a4 18. Rab1 Reb8 19. Nc2 Nb4 20. Nxb4 cxb4 21. Rbc1
b3 22. a3 Qa5 23. Be1 Qg5 24. Qd3 e5 25. Bb4 Re8 26. d5 Bd7 27. e4 Bxh3 28. Bf1
f5 29. Bxd6 fxe4 30. fxe4 Bg4 31. Be2 h5 32. Bb4 Bf8 33. c5 h4 34. Bd2 Qh5 35.
Bxg4 Qxg4 36. Qf3 Qxf3 37. gxf3 Kf7 38. Kg2 Be7 39. Kh3 Rh8 40. Be3 Bf6 41. Rc4
Ke8 42. Rb4 Rh7 43. Rb6 Rf7 44. Kg4 Rc8 45. Rc1 Rcc7 46. Rb4 Rh7 47. Kh3 Rcf7
48. Rf1 Rh5 49. Rxa4 Bg5 50. Ra8+ Ke7 51. Bxg5+ Rxg5 52. Ra7 Rf4 53. Rxb7+ Kd8
54. Rxb3 Rg3+ 55. Kh2 g5 56. c6 g4 57. d6 Rh3+ 58. Kg2 Rg3+ 59. Kf2 Rgxf3+ 60.
Rxf3 Rxf3+ 61. Ke2 Rf4 62. c7+ Kc8 63. Rxf4 exf4 64. e5 h3 65. e6 h2 66. e7 f3+
67. Ke3 h1=Q 68. e8=Q+  1-0

[Event "Open Letní Praha 2018 - B"]
[Site "Praha"]
[Date "2018.08.05"]
[Round "4"]
[Board "3"]
[White "Vertuccio, Roberto"]
[Black "Janacek, Jaroslav"]
[Result "1/2-1/2"]
[WhiteElo "1798"]
[BlackElo "2006"]
[PlyCount "176"]
[EventDate "2018.08.03"]
[EventRounds "9"]
[EventCountry "CZE"]

1. d4 d6 2. Nf3 g6 3. c4 Bg7 4. e4 c5 5. d5 Qb6 6. Nc3 Bxc3+ 7. bxc3 Nf6 8. Qc2
Nbd7 9. h3 O-O 10. Be2 Re8 11. O-O e6 12. Bd3 Qa5 13. Bf4 e5 14. Bg5 Kg7 15.
Qd2 Ng8 16. Kh2 h6 17. Be3 Nb6 18. g4 Qa4 19. Qe2 f6 20. Nh4 g5 21. Nf5+ Bxf5
22. gxf5 Ne7 23. Rfb1 Qd7 24. Rb3 Nbc8 25. Rab1 b6 26. Bc2 Rh8 27. Ra3 Ng8 28.
Qh5 Qf7 29. Bd1 Qxh5 30. Bxh5 Kf8 31. Ra6 Rh7 32. Kg2 Ke7 33. Rb3 Kd8 34. Rba3
Re7 35. Kf1 Rb8 36. Rb3 Kc7 37. Rb2 Kb7 38. Ra3 Ka8 39. Bd1 Rh7 40. Bh5 a5 41.
Rab3 Re7 42. Kg2 Rbb7 43. Kg3 Ra7 44. a4 Rab7 45. Kg4 Kb8 46. Rb1 Kc7 47. Kg3
Kd8 48. Bd2 Rg7 49. Kg4 Nge7 50. Be3 Kc7 51. Bd2 Kd8 52. Kf3 Ng8 53. Ke2 Rb8
54. Kd3 Rgb7 55. Be3 Ke7 56. Bd2 Kf8 57. Be3 Nge7 58. Bd2 Na7 59. Be3 Nec8 60.
Bd2 Ke7 61. Be3 Rc7 62. R3b2 Kd8 63. Bd2 Ra8 64. Be3 Rb7 65. Bd2 Kc7 66. Be3
Ne7 67. Bd2 Rh8 68. Be3 Nac8 69. Bd2 Kd8 70. Rb5 Rd7 71. Be3 Kc7 72. Bd2 Rdd8
73. Be3 Rdg8 74. R5b2 Rg7 75. Bd2 Rd8 76. Be3 Kb7 77. Rb5 Ka6 78. R5b2 Ng8 79.
Bd2 Rb7 80. Be3 Rf8 81. Rb5 Nge7 82. R5b2 Na7 83. Bd2 Rc8 84. Be3 Rcc7 85. Bd2
Rb8 86. Be3 Nac8 87. Rb5 Ra7 88. Bd2 Rab7  1/2-1/2

[Event "Open Letní Praha 2018 - B"]
[Site "Praha"]
[Date "2018.08.05"]
[Round "4"]
[Board "4"]
[White "Skielnik, Joseph J"]
[Black "Lansky, Petr"]
[Result "1-0"]
[WhiteElo "1865"]
[BlackElo "1668"]
[PlyCount "84"]
[EventDate "2018.08.03"]
[EventRounds "9"]
[EventCountry "CZE"]

1. d4 Nf6 2. Bf4 d5 3. e3 Bf5 4. c4 e6 5. Qb3 b6 6. Nc3 Bd6 7. Bg5 c6 8. Nf3
Nbd7 9. cxd5 exd5 10. Be2 O-O 11. O-O Qc7 12. Rac1 a6 13. Bh4 h6 14. Bg3 Bxg3
15. hxg3 Qd6 16. Qd1 Rfe8 17. Nh4 Be4 18. Nf3 c5 19. Nxe4 Nxe4 20. Bd3 c4 21.
Bb1 b5 22. Nd2 Ndf6 23. Nxe4 dxe4 24. b3 Rac8 25. bxc4 bxc4 26. Qa4 c3 27. Bc2
Re7 28. Rb1 Rec7 29. Qa5 Ra8 30. Rb3 Rac8 31. Rfb1 Rc6 32. Rb7 h5 33. R7b3 h4
34. Qg5 hxg3 35. fxg3 Qe6 36. Rc1 Rd6 37. Qf4 Rd5 38. Rcb1 Ra5 39. a3 Qe7 40.
g4 Qe6 41. g5 Nd5 42. Qg3 Qe7  1-0

[Event "Open Letní Praha 2018 - B"]
[Site "Praha"]
[Date "2018.08.05"]
[Round "4"]
[Board "5"]
[White "Karlsson, Peter"]
[Black "Koper, Stefan"]
[Result "0-1"]
[WhiteElo "1783"]
[BlackElo "1852"]
[PlyCount "88"]
[EventDate "2018.08.03"]
[EventRounds "9"]
[EventCountry "CZE"]

1. e4 g6 2. d4 d5 3. exd5 Qxd5 4. Nc3 Qd8 5. Bc4 Bg7 6. Nge2 Nf6 7. O-O O-O 8.
h3 b6 9. Bf4 Bb7 10. Qd2 a6 11. Rad1 b5 12. Bb3 Nbd7 13. a3 Nb6 14. Bh6 Nbd5
15. Bxg7 Kxg7 16. Nxd5 Nxd5 17. c3 e6 18. Nf4 Qd6 19. Nxd5 Bxd5 20. Bxd5 Qxd5
21. Rfe1 Rfd8 22. Qe2 c5 23. dxc5 Qxc5 24. Rd2 Rac8 25. Red1 Rxd2 26. Qxd2 Qc4
27. Qd6 Qe2 28. Qd2 Qe5 29. Qd7 Rc4 30. Qd2 Re4 31. Qc1 Re2 32. Qa1 Qf4 33. Rf1
Qd2 34. b3 Qb2 35. Qd1 Rd2 36. Qe1 Qxc3 37. a4 b4 38. Qe4 Rd5 39. Rb1 a5 40. g3
h5 41. Kg2 Qd3 42. Qe1 Rf5 43. Kg1 h4 44. Rb2 hxg3  0-1

[Event "Open Letní Praha 2018 - B"]
[Site "Praha"]
[Date "2018.08.05"]
[Round "4"]
[Board "6"]
[White "Svanda, Adam"]
[Black "Kong, You Jing"]
[Result "1-0"]
[WhiteElo "1841"]
[BlackElo "1235"]
[PlyCount "95"]
[EventDate "2018.08.03"]
[EventRounds "9"]
[EventCountry "CZE"]

1. e4 c5 2. Nf3 d6 3. d4 cxd4 4. Nxd4 Nf6 5. Nc3 g6 6. Be2 Bg7 7. O-O O-O 8.
Bg5 Nc6 9. Nb3 Bd7 10. Kh1 Ne5 11. f4 Neg4 12. Qd2 Qb6 13. Bxg4 Bxg4 14. f5
Rac8 15. h3 Rxc3 16. Bxf6 Rxb3 17. Bxg7 Rxh3+ 18. gxh3 Bxh3 19. Bxf8 Bxf1 20.
Rxf1 Kxf8 21. fxg6 hxg6 22. Qf2 Qxf2 23. Rxf2 e5 24. Rf3 Ke7 25. Rb3 b6 26. Ra3
a5 27. Rb3 f5 28. exf5 gxf5 29. Rxb6 Ke6 30. Rb5 a4 31. Kg2 f4 32. Kf3 Kd7 33.
Ke4 Kc7 34. Ra5 Kc6 35. c4 Kb6 36. Rxa4 Kc5 37. b3 f3 38. Kxf3 Kd4 39. Ra8 e4+
40. Ke2 d5 41. Rd8 e3 42. Rxd5+ Kc3 43. Kxe3 Kb4 44. Kd2 Ka3 45. Kc2 Kb4 46.
Rb5+ Ka3 47. Rb8 Kxa2 48. Ra8#  1-0

[Event "Open Letní Praha 2018 - B"]
[Site "Praha"]
[Date "2018.08.05"]
[Round "4"]
[Board "7"]
[White "Michel, Ladislav"]
[Black "Aytmukhametov, Bulat"]
[Result "1/2-1/2"]
[WhiteElo "1819"]
[BlackElo "1000"]
[PlyCount "34"]
[EventDate "2018.08.03"]
[EventRounds "9"]
[EventCountry "CZE"]

1. d4 d5 2. Bf4 Nf6 3. e3 e6 4. Nf3 Be7 5. h3 c5 6. c3 Nc6 7. Nbd2 Bd6 8. Ne5
Qc7 9. Ndf3 Bd7 10. Nxd7 Nxd7 11. Bxd6 Qxd6 12. Be2 O-O 13. O-O Nf6 14. Qa4 a6
15. Qa3 Ne4 16. dxc5 Qxc5 17. Qxc5 Nxc5  1/2-1/2

[Event "Open Letní Praha 2018 - B"]
[Site "Praha"]
[Date "2018.08.05"]
[Round "4"]
[Board "8"]
[White "Udval, Batkhishig"]
[Black "Kalvach, Ladislav"]
[Result "1/2-1/2"]
[WhiteElo "1608"]
[BlackElo "1815"]
[PlyCount "87"]
[EventDate "2018.08.03"]
[EventRounds "9"]
[EventCountry "CZE"]

1. e4 c5 2. d4 cxd4 3. c3 d3 4. Bxd3 Nc6 5. Nf3 d6 6. O-O Nf6 7. Bf4 e5 8. Bg5
Be7 9. Nbd2 Be6 10. Qe2 Qc7 11. Rfd1 O-O 12. Nc4 Rfd8 13. Rd2 Rac8 14. Rad1 h6
15. Bh4 g5 16. Bg3 Nh5 17. a3 Nf4 18. Bxf4 gxf4 19. Rc2 b5 20. Ncd2 a6 21. Rcc1
Na5 22. h3 Nb3 23. Nxb3 Bxb3 24. Bc2 Bc4 25. Bd3 Bf6 26. Bxc4 bxc4 27. Rd5 Kh7
28. Rcd1 Qb6 29. R1d2 Rc5 30. Nh2 Rxd5 31. Rxd5 Rg8 32. Rd2 Qc7 33. Qh5 Rg5 34.
Qd1 Be7 35. Qa4 Qc8 36. Kh1 h5 37. Nf3 Rg6 38. Ne1 Kh6 39. Qd1 Qc5 40. Nf3 Qc6
41. Qe2 Bf6 42. Rd5 Rg8 43. Ne1 Rb8 44. Nf3  1/2-1/2

[Event "Open Letní Praha 2018 - B"]
[Site "Praha"]
[Date "2018.08.05"]
[Round "4"]
[Board "11"]
[White "Karlsson, Henrik"]
[Black "Jaeger, Andre"]
[Result "1-0"]
[WhiteElo "1702"]
[BlackElo "1974"]
[PlyCount "75"]
[EventDate "2018.08.03"]
[EventRounds "9"]
[EventCountry "CZE"]

1. e4 c5 2. Nc3 e6 3. f4 d5 4. e5 Nc6 5. Nf3 a6 6. g3 b5 7. d3 b4 8. Ne2 Bb7 9.
Bg2 Nh6 10. O-O Nf5 11. c3 h5 12. Bh3 Nce7 13. cxb4 cxb4 14. Qa4+ Bc6 15. Qxb4
Bb5 16. Qb3 Rb8 17. Qd1 Qb6+ 18. Kh1 Ne3 19. Bxe3 Qxe3 20. Nc1 Nf5 21. Re1 Qb6
22. Bxf5 exf5 23. Ng5 Bc5 24. e6 f6 25. Nf3 Bf2 26. Re2 h4 27. gxh4 Bxh4 28. a4
Bc6 29. d4 Ke7 30. Qg1 Rbg8 31. Ra3 Qb8 32. Qe3 Bg3 33. Rc2 Bxf4 34. Qc3 Be8
35. Rb3 Qd6 36. Rb7+ Kf8 37. Qc8 g5 38. Rf7# 1-0

[Event "Open Letní Praha 2018 - B"]
[Site "Praha"]
[Date "2018.08.06"]
[Round "5"]
[Board "2"]
[White "Janacek, Jaroslav"]
[Black "Skielnik, Joseph J"]
[Result "1/2-1/2"]
[WhiteElo "2006"]
[BlackElo "1865"]
[PlyCount "133"]
[EventDate "2018.08.03"]
[EventRounds "9"]
[EventCountry "CZE"]

1. Nf3 d5 2. c4 c6 3. b3 Nf6 4. g3 Bf5 5. Bg2 e6 6. O-O Nbd7 7. Bb2 Be7 8. d3
h6 9. Nbd2 O-O 10. a3 a5 11. Ra2 Re8 12. Qa1 Bf8 13. Ne5 Nxe5 14. Bxe5 Bh7 15.
Rc2 Nd7 16. Bb2 Qe7 17. Rfc1 Red8 18. Bc3 Qe8 19. Ra2 Nb6 20. b4 axb4 21. Bxb4
Bxb4 22. axb4 Rxa2 23. Qxa2 Ra8 24. Qb3 Ra7 25. Qc3 Qa8 26. Qd4 Nd7 27. f4 Ra2
28. Qe3 Ra1 29. Nf3 dxc4 30. dxc4 Rxc1+ 31. Qxc1 Nf6 32. Ne5 Qd8 33. Qe3 Qd1+
34. Kf2 Qd8 35. Bf3 h5 36. h3 Bc2 37. g4 hxg4 38. hxg4 g6 39. g5 Ne8 40. Ng4
Qe7 41. Qc3 Ba4 42. Be4 c5 43. b5 Qc7 44. Qe5 Qxe5 45. fxe5 b6 46. Bd3 Kf8 47.
Ke1 Ke7 48. Kd2 Ng7 49. Ne3 Nf5 50. Bxf5 exf5 51. Ng2 Bb3 52. Kc3 Ba2 53. Nf4
Bb1 54. Nd3 Bxd3 55. exd3 Kd7 56. d4 cxd4+ 57. Kxd4 Kc7 58. Ke3 Kd7 59. Kf4 Kc7
60. Kg3 Kd7 61. Kh4 Kc7 62. Kh3 Kd7 63. Kh4 Kc7 64. Kg3 Kd7 65. Kf2 Kc7 66. Ke3
Kd7 67. Kd3  1/2-1/2

[Event "Open Letní Praha 2018 - B"]
[Site "Praha"]
[Date "2018.08.06"]
[Round "5"]
[Board "3"]
[White "Koper, Stefan"]
[Black "Vertuccio, Roberto"]
[Result "1-0"]
[WhiteElo "1852"]
[BlackElo "1798"]
[PlyCount "101"]
[EventDate "2018.08.03"]
[EventRounds "9"]
[EventCountry "CZE"]

1. d4 Nf6 2. c4 e6 3. Nf3 b6 4. Bg5 Bb7 5. e3 h6 6. Bxf6 Qxf6 7. Nbd2 c5 8. Be2
d5 9. cxd5 exd5 10. Bb5+ Bc6 11. Bxc6+ Qxc6 12. Ne5 Qc7 13. O-O Be7 14. Qf3 O-O
15. Qxd5 Na6 16. Qc4 cxd4 17. Ng6 Bb4 18. Nxf8 Bxd2 19. Qxc7 Nxc7 20. Nd7 f6
21. Rad1 dxe3 22. fxe3 Bxe3+ 23. Kh1 Na6 24. a3 Rc8 25. g3 Rc2 26. b4 Ra2 27.
Rd3 Re2 28. Rf3 Bc1 29. Nb8 Nxb8 30. Rd8+ Kh7 31. Rxb8 Ra2 32. Rb7 Rxa3 33.
Rxa3 Bxa3 34. b5 f5 35. Rxa7 Bc5 36. Rc7 Be3 37. Kg2 Kg6 38. Kf3 Bg1 39. h4 h5
40. Kf4 Bf2 41. Rc6+ Kh7 42. Kxf5 Be3 43. Re6 Bc5 44. Kg5 Bd4 45. Kxh5 Bf2 46.
g4 Bd4 47. g5 Kg8 48. Kg6 Bc5 49. h5 Kf8 50. h6 gxh6 51. gxh6  1-0

[Event "Open Letní Praha 2018 - B"]
[Site "Praha"]
[Date "2018.08.06"]
[Round "5"]
[Board "4"]
[White "Benes, Petr"]
[Black "Svanda, Adam"]
[Result "0-1"]
[WhiteElo "2094"]
[BlackElo "1841"]
[PlyCount "126"]
[EventDate "2018.08.03"]
[EventRounds "9"]
[EventCountry "CZE"]

1. c4 c5 2. Nc3 Nc6 3. g3 e5 4. Bg2 g6 5. a3 Bg7 6. e3 a5 7. Nge2 Nge7 8. Nb5
d6 9. O-O Be6 10. Nec3 Bxc4 11. Re1 O-O 12. d3 Bxb5 13. Nxb5 Rc8 14. Bd2 b6 15.
Rb1 Qd7 16. Qb3 Rb8 17. Rbd1 d5 18. Bc1 Kh8 19. Nc3 Rfd8 20. Ne2 Qc7 21. Nc3
Qd7 22. Ne2 Qc7 23. Qc2 Qc8 24. Bd2 d4 25. e4 Rf8 26. Kh1 f5 27. Rf1 Qc7 28.
Qc1 Rbe8 29. b4 axb4 30. axb4 Qd6 31. b5 Na5 32. Qa3 f4 33. Bh3 Ra8 34. Ra1 Nc4
35. Qxa8 Nxd2 36. Qxf8+ Bxf8 37. Rfd1 Nb3 38. Ra8 Kg7 39. Ng1 Na5 40. Nf3 Qf6
41. Rg1 c4 42. dxc4 Nxc4 43. g4 g5 44. Rc1 Nd6 45. Bf1 Nxe4 46. Ra7 Nxf2+ 47.
Kg1 Nxg4 48. Bd3 Kg8 49. Bc4+ Kh8 50. Bd3 Ne3 51. Nd2 Qe6 52. Be4 Qg4+ 53. Kf2
Qh4+ 54. Kg1 g4 55. Ra8 Kg7 56. Ra7 f3 57. Nf1 Qh3 58. Ra2 Ng6 59. Ng3 Nf4 60.
Rc7+ Kg8 61. Bxh7+ Kh8 62. Bf5 Nxf5 63. Nxf5 Ne2+  0-1

[Event "Open Letní Praha 2018 - B"]
[Site "Praha"]
[Date "2018.08.06"]
[Round "5"]
[Board "5"]
[White "Tichy, Petr"]
[Black "Grabarczyk, Sylwester Piotr"]
[Result "1/2-1/2"]
[WhiteElo "1920"]
[BlackElo "1751"]
[PlyCount "157"]
[EventDate "2018.08.03"]
[EventRounds "9"]
[EventCountry "CZE"]

1. Nf3 d5 2. g3 d4 3. c3 Nc6 4. d3 e5 5. Bg2 Nf6 6. O-O Be7 7. e3 Bg4 8. Qa4
dxe3 9. Bxe3 O-O 10. d4 e4 11. Ne5 Be2 12. Nxc6 bxc6 13. Re1 Bb5 14. Qd1 Rb8
15. Nd2 Bd3 16. Nb3 Nd5 17. Bc1 f5 18. f3 Nf6 19. Bg5 Qd5 20. fxe4 Bxe4 21. Qe2
c5 22. Bxf6 Bxf6 23. Bxe4 fxe4 24. Nxc5 e3 25. Nd3 Bg5 26. Rf1 Rbd8 27. Ne5 c5
28. Nf3 cxd4 29. cxd4 Rfe8 30. b3 Bf6 31. Rad1 Re4 32. Rfe1 Qh5 33. Qc4+ Kh8
34. Kg2 Rde8 35. Re2 Rd8 36. Qc2 Rde8 37. Qd3 Qg4 38. Rde1 Bxd4 39. Nxd4 Rxd4
40. Rxe3 Rg8 41. Qc2 Qd7 42. Qf2 h6 43. Kg1 Rd2 44. R3e2 Rd4 45. Re7 Qd5 46.
Qf7 Qc5 47. R7e5 Rd5+ 48. R5e3 Rf8 49. Qxf8+ Qxf8 50. Re8 Kg8 51. Rxf8+ Kxf8
52. Re2 Kf7 53. Kf2 Kf6 54. Kf3 g6 55. h3 Kf5 56. Re4 Rd3+ 57. Re3 Rd5 58. g4+
Kf6 59. h4 h5 60. Re4 hxg4+ 61. Kxg4 a5 62. Rc4 Re5 63. b4 axb4 64. Rxb4 Ra5
65. a4 Ke6 66. Kf4 Rh5 67. Ke3 Ra5 68. Kd4 Kd6 69. Kc4 Kc6 70. Kb3 Rh5 71. Rg4
Kb7 72. Kb4 Ka7 73. a5 Kb7 74. Re4 Ka7 75. Re7+ Ka6 76. Re6+ Ka7 77. Re4 Ka6
78. Rg4 Kb7 79. Re4  1/2-1/2

[Event "Open Letní Praha 2018 - B"]
[Site "Praha"]
[Date "2018.08.06"]
[Round "5"]
[Board "6"]
[White "Lombardi, Michele"]
[Black "Sakovski, Roman"]
[Result "0-1"]
[WhiteElo "1777"]
[BlackElo "1894"]
[PlyCount "68"]
[EventDate "2018.08.03"]
[EventRounds "9"]
[EventCountry "CZE"]

1. e4 e5 2. Nf3 Nc6 3. Bc4 h6 4. Nc3 Nf6 5. O-O Bc5 6. d3 d6 7. Be3 Bg4 8. h3
Bh5 9. Na4 Bxe3 10. fxe3 a6 11. Bb3 g5 12. Qe1 g4 13. hxg4 Nxg4 14. Nc3 Na5 15.
Nd1 Nxb3 16. axb3 Rg8 17. Nf2 Qe7 18. Nxg4 Rxg4 19. Nh2 Rg7 20. Nf3 O-O-O 21.
Qh4 Rxg2+ 22. Kh1 Qxh4+ 23. Nxh4 Rxc2 24. Nf5 Kd7 25. d4 Rg8 26. Nh4 Rg4 27.
Rac1 Rxh4+ 28. Kg1 Rhh2 29. Rxc2 Rxc2 30. dxe5 dxe5 31. Rf5 Bg6 32. Rxe5 c6 33.
Kf1 b6 34. b4 f6  0-1

[Event "Open Letní Praha 2018 - B"]
[Site "Praha"]
[Date "2018.08.06"]
[Round "5"]
[Board "7"]
[White "Fowler, Hugo"]
[Black "Michel, Ladislav"]
[Result "0-1"]
[WhiteElo "1733"]
[BlackElo "1819"]
[PlyCount "96"]
[EventDate "2018.08.03"]
[EventRounds "9"]
[EventCountry "CZE"]

1. e4 c5 2. c3 d5 3. exd5 Qxd5 4. d4 e6 5. Nf3 Nf6 6. Bd3 Nc6 7. O-O Be7 8. h3
O-O 9. Be3 b6 10. c4 Qd7 11. Ne5 Qc7 12. Nxc6 Qxc6 13. Be2 Qc7 14. Bf3 Rb8 15.
Qe2 cxd4 16. Bxd4 Ba6 17. Rc1 Rbd8 18. Be3 Bc5 19. Nd2 Bd4 20. Rab1 Qe5 21.
Bxd4 Qxe2 22. Bxe2 Rxd4 23. Nf3 Rd7 24. Rd1 Rfd8 25. Ne5 Rxd1+ 26. Rxd1 Rxd1+
27. Bxd1 Bb7 28. Bf3 Bxf3 29. Nxf3 a5 30. Kf1 Nd7 31. Ke2 Kf8 32. Kd3 Ke7 33.
Kd4 f6 34. Nd2 Nc5 35. Ne4 e5+ 36. Kd5 Nxe4 37. Kxe4 Ke6 38. g4 g6 39. b3 f5+
40. Kf3 Kd6 41. a3 Kc5 42. gxf5 gxf5 43. Ke3 a4 44. bxa4 Kxc4 45. Kd2 Kb3 46.
a5 bxa5 47. a4 Kxa4 48. Kc3 Kb5  0-1

[Event "Open Letní Praha 2018 - B"]
[Site "Praha"]
[Date "2018.08.06"]
[Round "5"]
[Board "9"]
[White "Aytmukhametov, Bulat"]
[Black "Nyman, John C H"]
[Result "1-0"]
[WhiteElo "1000"]
[BlackElo "1780"]
[PlyCount "93"]
[EventDate "2018.08.03"]
[EventRounds "9"]
[EventCountry "CZE"]

1. c4 e5 2. Nc3 Nf6 3. Nf3 Nc6 4. e3 Be7 5. d4 exd4 6. Nxd4 d6 7. Be2 Ne5 8.
O-O O-O 9. b3 a6 10. Qc2 c5 11. Nf3 Be6 12. Re1 Qc7 13. Bb2 Nxf3+ 14. Bxf3 Rab8
15. Nd5 Bxd5 16. Bxd5 b5 17. Re2 Ng4 18. h3 Ne5 19. Rd1 Rbd8 20. Qe4 Bf6 21.
Qc2 bxc4 22. Bxc4 Nxc4 23. Qxc4 Bxb2 24. Rxb2 Qb6 25. Rd5 Rfe8 26. Rbd2 h6 27.
Qf4 Re6 28. Rf5 Rf8 29. Rfd5 Rd8 30. Qc4 Ree8 31. Qd3 Re6 32. e4 f6 33. Kh2 Kf8
34. f3 a5 35. Qe3 Ke7 36. f4 Qc7 37. Qg3 Ke8 38. e5 fxe5 39. fxe5 g5 40. exd6
Qc6 41. d7+ Ke7 42. Qd3 Qc7+ 43. g3 Rf6 44. Qh7+ Kf8 45. Rf5 Rxf5 46. Qxf5+ Kg7
47. Qe6  1-0

[Event "Open Letní Praha 2018 - B"]
[Site "Praha"]
[Date "2018.08.06"]
[Round "5"]
[Board "10"]
[White "Olsen, Geir"]
[Black "Kosar, Milan"]
[Result "1/2-1/2"]
[WhiteElo "1472"]
[BlackElo "1661"]
[PlyCount "108"]
[EventDate "2018.08.03"]
[EventRounds "9"]
[EventCountry "CZE"]

1. d4 Nf6 2. Bf4 Nh5 3. Bg5 h6 4. Bh4 g5 5. e3 Nf6 6. Bg3 Bg7 7. Nc3 c6 8. Bd3
d5 9. Qd2 Bg4 10. f3 Be6 11. O-O-O Nbd7 12. Kb1 Qa5 13. h3 c5 14. Nb5 Qxd2 15.
Rxd2 O-O 16. Nc7 Rac8 17. Nxe6 fxe6 18. c3 c4 19. Bc2 b5 20. Ne2 Kf7 21. Bh2 h5
22. Rdd1 Rh8 23. f4 g4 24. h4 Ne8 25. Kc1 Nd6 26. Ng3 Nf6 27. f5 exf5 28. Nxf5
Nxf5 29. Bxf5 e6 30. Bc2 Ke7 31. Rhf1 Rcf8 32. Be5 Bh6 33. Kd2 Rhg8 34. Bf4
Bxf4 35. Rxf4 Rh8 36. g3 Rhg8 37. Ke2 Rh8 38. Kf1 Rhg8 39. Kg2 Rh8 40. Re1 Rhg8
41. e4 Nxe4 42. Rxf8 Rxf8 43. Bxe4 dxe4 44. Rxe4 Rf5 45. Re5 Kd6 46. Rxf5 exf5
47. Kf2 f4 48. gxf4 Ke6 49. Ke3 Kd5 50. a3 a6 51. f5 Kd6 52. Kf4 Kd5 53. Ke3
Kd6 54. Ke4 Ke7  1/2-1/2

[Event "Open Letní Praha 2018 - B"]
[Site "Praha"]
[Date "2018.08.06"]
[Round "5"]
[Board "11"]
[White "Mejzr, Jan"]
[Black "Udval, Batkhishig"]
[Result "1-0"]
[WhiteElo "1875"]
[BlackElo "1608"]
[PlyCount "61"]
[EventDate "2018.08.03"]
[EventRounds "9"]
[EventCountry "CZE"]

1. e4 d6 2. d4 Nf6 3. Nc3 e5 4. Nf3 Nbd7 5. Bd3 Be7 6. O-O O-O 7. b3 Re8 8. Bb2
c6 9. Ne2 Bf8 10. dxe5 dxe5 11. Ng3 Qc7 12. Re1 Nc5 13. Bf1 b6 14. c4 Bb7 15.
Qc2 Rad8 16. Rad1 Ncd7 17. Bc3 Bc5 18. b4 Bf8 19. Qb2 Rc8 20. h3 g6 21. Rd3 Bh6
22. Nh4 Bf4 23. Rf3 Bg5 24. Nhf5 gxf5 25. Nxf5 Nh5 26. h4 Bf6 27. g4 Nf4 28.
Rxf4 exf4 29. Bxf6 Ne5 30. Be2 f3 31. Qd2  1-0

[Event "Open Letní Praha 2018 - B"]
[Site "Praha"]
[Date "2018.08.07"]
[Round "6"]
[Board "1"]
[White "Svanda, Adam"]
[Black "Ilandzis, Spyridon"]
[Result "0-1"]
[WhiteElo "1841"]
[BlackElo "2009"]
[PlyCount "70"]
[EventDate "2018.08.03"]
[EventRounds "9"]
[EventCountry "CZE"]

1. e4 d5 2. exd5 Qxd5 3. Nc3 Qa5 4. d4 Nf6 5. Nf3 Bg4 6. h3 Bh5 7. g4 Bg6 8.
Ne5 e6 9. Bg2 c6 10. h4 Nbd7 11. Nxd7 Kxd7 12. Bd2 h6 13. Ne4 Qa4 14. Nxf6+
gxf6 15. c3 Qb5 16. Qb3 a6 17. O-O-O h5 18. g5 Be7 19. f4 Rhc8 20. Qxb5 axb5
21. a3 Rxa3 22. Be3 Ra1+ 23. Kd2 Ra2 24. Kc1 Ba3 25. bxa3 Rc2+ 26. Kb1 Rxg2+
27. Ka1 Be4 28. Rh3 Bf5 29. Rhh1 Ra8 30. Rd2 Rg3 31. Re1 Rxa3+ 32. Kb2 b4 33.
Rde2 Rxc3 34. Ka2 Bg4 35. Bf2 Ra3+  0-1

[Event "Open Letní Praha 2018 - B"]
[Site "Praha"]
[Date "2018.08.07"]
[Round "6"]
[Board "2"]
[White "Sakovski, Roman"]
[Black "Koper, Stefan"]
[Result "1-0"]
[WhiteElo "1894"]
[BlackElo "1852"]
[PlyCount "83"]
[EventDate "2018.08.03"]
[EventRounds "9"]
[EventCountry "CZE"]

1. d4 e6 2. Nf3 d5 3. c4 Nf6 4. Bg5 Bb4+ 5. Nc3 c6 6. Qb3 Be7 7. e3 O-O 8. a4
a5 9. c5 Nbd7 10. Bd3 Ne8 11. h4 f6 12. Bf4 f5 13. h5 Ndf6 14. Ne5 Ne4 15. Bxe4
fxe4 16. Qd1 Nf6 17. g4 Nd7 18. h6 Nxe5 19. Bxe5 g6 20. Ne2 Bf6 21. Bd6 Rf7 22.
Bg3 Qe7 23. Bd6 Qd8 24. Qb3 e5 25. g5 Bxg5 26. dxe5 Be6 27. Nd4 Qd7 28. O-O-O
Re8 29. Rdf1 Bd8 30. f4 exf3 31. Rf2 Bg5 32. Qc3 Qd8 33. Rxf3 Rxf3 34. Nxf3 Be7
35. Nd4 Bxd6 36. exd6 Qd7 37. Rf1 Rf8 38. Rxf8+ Kxf8 39. Nxe6+ Qxe6 40. Qh8+
Kf7 41. Qxh7+ Kf6 42. Qe7+  1-0